LEADER 00976nam0 22002531i 450 001 UON00440318 005 20231205104947.0 100 $a20140530f1935 |0itac50 ba 101 $afre 102 $aFR 105 $a|||| 1|||| 200 1 $aTrois siecles de l'Academie Francaise, 1635-1935$epar les quarante 210 $aParis$cFirmin-Didot$dc1935 215 $a530 p.$d25 cm. 620 $aFR$dParis$3UONL002984 676 $a064$cOrganizzazioni generali in Francia e nel principato di Monaco$v20 712 02$aAcadémie Française$3UONV141692 712 $aFirmin-Didot$3UONV257474$4650 801 $aIT$bSOL$c20240220$gRICA 899 $aSIBA - SISTEMA BIBLIOTECARIO DI ATENEO$2UONSI 912 $aUON00440318 950 $aSIBA - SISTEMA BIBLIOTECARIO DI ATENEO$dSI Francese VII 002 $eSI MR 50390 7 002 996 $aTrois siecles de l'Academie Francaise, 1635-1935$91326651 997 $aUNIOR LEADER 00898nam0 22002291i 450 001 UON00181735 005 20231205103135.183 010 $a88-204-2933-4 100 $a20030730d1988 |0itac50 ba 101 $aita 102 $aIT 105 $a|||| 1|||| 200 1 $aModernità e tradizione$eintegrazione sociale e identità culturale in una città nuova$eil caso di Latina$fVittorio Cotesta 210 $aMilano$cFranco Angeli$d1988 - 244 p. ; 23 cm. 606 $aSociologia$3UONC066918$2FI 700 1$aCotesta$bVittorio$3UONV104678$0127884 801 $aIT$bSOL$c20250221$gRICA 899 $aSIBA - SISTEMA BIBLIOTECARIO DI ATENEO$2UONSI 912 $aUON00181735 950 $aSIBA - SISTEMA BIBLIOTECARIO DI ATENEO$dSI B H 0490 $eSI SC 20143 5 0490 996 $aModernità e tradizione$9679657 997 $aUNIOR